| 000 | 01268nam a22002777a 4500 | ||
|---|---|---|---|
| 999 |
_c65738 _d65738 |
||
| 005 | 20240530110840.0 | ||
| 008 | 200912s2019 ua a g b 000 0dara d | ||
| 017 |
_a2019/8150 _bمصر. دار الكتب |
||
| 020 | _a9789773224127 | ||
| 040 |
_aEG-CaGPL _cEG-CaGPL |
||
| 082 | 0 | 4 |
_221 _a940.18 _bك أ |
| 100 | 1 | _aكان ، رادولف دى | |
| 245 | 0 | 0 |
_aاعمال تانكرد ملك صقلية فى الحملة على بيت المقدس / _cتاليف رادولف دى كان ؛ ترجمة وتعليق حسن عبدالوهاب حسين سليم ، طلعت عبدالرازق زهران |
| 250 | _aط.1 | ||
| 260 |
_aالقاهرة : _bعين للدراسات و البحوث الانسانية و الاجتماعية، _c2020 |
||
| 300 |
_a298 ص. ؛ _c24 سم. |
||
| 650 | 0 | 7 |
_2qrmak _aالحروب الصليبية |
| 650 | 0 | 7 |
_aالحروب الصليبية _zفلسطين |
| 650 | 0 | 7 |
_aالحروب الصليبية _zالشام |
| 651 | _2qrmak | ||
| 700 | 0 |
_aاسماعيل مظهر _eمترجم |
|
| 700 | 0 |
_aحسن عبدالوهاب حسين سليم _eمترجم ومعلق |
|
| 700 | 0 |
_aطلعت عبدالرازق زهران _eمترجم ومعلق |
|
| 942 |
_2ddc _cBK |
||